[Event "Olympiad Women-44"]
[Site "Chennai"]
[Date "2022.08.06"]
[Round "8.3"]
[White "Pratyusha, Bodda"]
[Black "Malicka, Maria"]
[Result "0-1"]
[WhiteElo "2310"]
[BlackElo "2393"]
[PlyCount "94"]
[EventDate "2022.07.29"]
[EventType "team-swiss"]
[EventRounds "11"]
[EventCountry "IND"]
[SourceTitle "CBM 210"]
[Source "ChessBase"]
[SourceDate "2022.10.31"]
[SourceVersion "1"]
[SourceVersionDate "2022.10.31"]
[SourceQuality "1"]
[WhiteTeam "India (W) III"]
[BlackTeam "Poland (W)"]
[WhiteTeamCountry "IND"]
[BlackTeamCountry "POL"]

1. d4 Nf6 2. c4 g6 3. Nc3 d5 4. cxd5 Nxd5 5. e4 Nxc3 6. bxc3 Bg7 7. Nf3 c5 8. Be3 Qa5 9. Qd2 Nc6 10. Rb1 a6 11. Rc1 cxd4 12. cxd4 Qxd2+ 13. Kxd2 e6 14. Bc4 0-0 15. Rhd1 Bd7 16. Ke1 Na5 17. Bd3 Rac8 18. Rxc8 Rxc8 19. Rc1 Rxc1+ 20. Bxc1 Nc6 21. Be3 b5 22. h4 f5 23. e5 Nb4 24. Bb1 Bf8 25. Kd1 Bc6 26. Bc1 Bd5 27. a3 Nc6 28. Bb2 Be7 29. Ke2 Na5 30. Bd3 h6 31. g3 Nc4 32. Bxc4 Bxc4+ 33. Ke3 Kf7 34. Ne1 Ke8 35. Nc2 Kd7 36. Kd2 Kc6 37. Bc3 Bd8 38. Bb4 Kd5 39. Bc5 Ke4 40. Ne3 Ba5+ 41. Kc2 Be1 42. Nd1 Kf3 43. Bb6 Bd5 44. Ne3 Be4+ 45. Kd1 Bxf2 46. Nf1 Bd5 47. Bc5 Kg2 0-1

[Event "Olympiad Women-44"]
[Site "Chennai"]
[Date "2022.07.31"]
[Round "3.4"]
[White "Hapala, Elisabeth"]
[Black "Pratyusha, Bodda"]
[Result "0-1"]
[WhiteElo "2113"]
[BlackElo "2310"]
[PlyCount "117"]
[EventDate "2022.07.29"]
[EventType "team-swiss"]
[EventRounds "11"]
[EventCountry "IND"]
[SourceTitle "CBM 210"]
[Source "ChessBase"]
[SourceDate "2022.10.31"]
[SourceVersion "1"]
[SourceVersionDate "2022.10.31"]
[SourceQuality "1"]
[WhiteTeam "Austria (W)"]
[BlackTeam "India (W) III"]
[WhiteTeamCountry "AUT"]
[BlackTeamCountry "IND"]

1. e4 c6 2. d4 d5 3. e5 c5 4. dxc5 e6 5. a3 Nc6 6. Nf3 Bxc5 7. b4 Bb6 8. Bd3 Nge7 9. 0-0 Ng6 10. Bb2 a6 11. Re1 0-0 12. Nbd2 Bd7 13. c4 dxc4 14. Nxc4 Bc7 15. Rc1 Nce7 16. Qc2 Bc6 17. Ncd2 Rc8 18. Qb1 Bd5 19. h4 Ba2 20. Qxa2 Qxd3 21. Ne4 Nf4 22. Rcd1 Ne2+ 23. Kf1 Ng3+ 24. Kg1 Ne2+ 25. Kf1 Qxe4 26. Rxe2 Qg6 27. Qb3 Nd5 28. Rd4 b5 29. Qc2 Bb6 30. Qxg6 hxg6 31. Rdd2 Rc4 32. g3 Rfc8 33. Re1 a5 34. Bd4 axb4 35. axb4 Bxd4 36. Rxd4 Nxb4 37. Rd7 Nd5 38. Ng5 R4c7 39. Rxc7 Rxc7 40. Rb1 b4 41. Ne4 Kf8 42. Ke1 Rc4 43. Nd6 Rc2 44. Ne4 Ke7 45. Nd2 Ra2 46. Rb3 Kd7 47. Rf3 Nc3 48. Nb3 Ke7 49. Rf4 Nd5 50. Rc4 Rb2 51. Nd2 f6 52. exf6+ gxf6 53. g4 Ra2 54. Kd1 Ra1+ 55. Kc2 Rh1 56. g5 fxg5 57. hxg5 Rh2 58. Kb3 Rxf2 59. Ne4 0-1

[Event "IND-ch (Women) 47th"]
[Site "Bhubaneswar"]
[Date "2022.03.02"]
[Round "9"]
[White "Pratyusha, Bodda"]
[Black "Vaishali, Ramesh Babu"]
[Result "0-1"]
[WhiteElo "2328"]
[BlackElo "2403"]
[PlyCount "48"]
[EventDate "2022.02.25"]
[EventType "swiss"]
[EventRounds "9"]
[EventCountry "IND"]
[SourceTitle "CBM 207 Extra"]
[Source "ChessBase"]
[SourceDate "2022.05.31"]
[SourceVersion "1"]
[SourceVersionDate "2022.05.31"]
[SourceQuality "1"]

1. d4 Nf6 2. Bf4 g6 3. Nc3 d5 4. e3 Bg7 5. h4 h5 6. Nf3 0-0 7. Ne5 c5 8. Qd2 cxd4 9. exd4 Nc6 10. f3 Bf5 11. a3 Nd7 12. Nxc6 bxc6 13. g4 hxg4 14. h5 e5 15. dxe5 Nxe5 16. Bxe5 Bxe5 17. 0-0-0 Rb8 18. f4 Bg7 19. hxg6 fxg6 20. Na4 Qd6 21. Bg2 Rf7 22. c4 Qxa3 23. Qa5 Bxb2+ 24. Kd2 Qd3+ 0-1

[Event "IND-ch (Women) 47th"]
[Site "Bhubaneswar"]
[Date "2022.02.25"]
[Round "1"]
[White "Mudaliar, Nandini"]
[Black "Pratyusha, Bodda"]
[Result "0-1"]
[WhiteElo "1512"]
[BlackElo "2328"]
[PlyCount "73"]
[EventDate "2022.02.25"]
[EventType "swiss"]
[EventRounds "9"]
[EventCountry "IND"]
[SourceTitle "CBM 207 Extra"]
[Source "ChessBase"]
[SourceDate "2022.05.31"]
[SourceVersion "1"]
[SourceVersionDate "2022.05.31"]
[SourceQuality "1"]

1. d4 d5 2. Nf3 Nf6 3. c4 e6 4. Nc3 Be7 5. e3 0-0 6. Bd3 b6 7. cxd5 exd5 8. h3 Re8 9. 0-0 Bd6 10. Nb5 Bf8 11. Qc2 c5 12. Nc3 Nc6 13. a3 a6 14. b3 Bd6 15. Rd1 Qe7 16. Bb2 Be6 17. Na4 Rec8 18. b4 c4 19. Be2 Qe8 20. Ne5 a5 21. b5 Na7 22. f4 Nxb5 23. Bf3 Nc7 24. Nc3 b5 25. g4 b4 26. Ne2 Bd7 27. axb4 axb4 28. Rxa8 Rxa8 29. g5 Ba4 30. Qc1 Bxd1 31. gxf6 Bxe2 32. Bxe2 c3 33. fxg7 cxb2 34. Qxb2 Bxe5 35. dxe5 Qa4 36. Kf2 b3 37. Kg3 0-1

[Event "Motiva Online Blitz (Women)"]
[Site "Chess.com INT"]
[Date "2021.12.18"]
[Round "2"]
[White "Mammadova, Gulnar Marfat Qizi"]
[Black "Pratyusha, Bodda"]
[Result "1-0"]
[WhiteElo "2387"]
[BlackElo "2328"]
[PlyCount "63"]
[EventDate "2021.12.18"]
[EventType "swiss (blitz)"]
[EventRounds "13"]
[EventCountry "USA"]
[SourceTitle "CBM 205 Extra"]
[Source "ChessBase"]
[SourceDate "2022.01.31"]
[SourceVersion "1"]
[SourceVersionDate "2022.01.31"]
[SourceQuality "1"]

1. e4 c6 2. d4 d5 3. f3 dxe4 4. fxe4 e5 5. Nf3 exd4 6. Bc4 Bb4+ 7. c3 dxc3 8. Bxf7+ Ke7 9. Qb3 Qb6 10. bxc3 Bc5 11. Bxg8 Qxb3 12. Bxb3 Bg4 13. Bg5+ Ke8 14. Nbd2 Nd7 15. h3 Bh5 16. 0-0-0 h6 17. Bh4 g5 18. Bg3 Bg6 19. Nc4 b5 20. Nd6+ Ke7 21. Nf5+ Ke8 22. Ne5 Nxe5 23. Bxe5 Rf8 24. g4 a5 25. Bg7 a4 26. Be6 Rf7 27. Bxf7+ Kxf7 28. Rd7+ Ke6 29. Rhd1 b4 30. cxb4 Bxb4 31. Bb2 a3 32. Ng7# 1-0

[Event "Budapest FS02 IM"]
[Site "Budapest"]
[Date "2020.02.05"]
[Round "5"]
[White "Pratyusha, Bodda"]
[Black "Farkas, Tibor"]
[Result "1/2-1/2"]
[WhiteElo "2267"]
[BlackElo "2276"]
[PlyCount "73"]
[EventDate "2020.02.01"]
[EventType "tourn"]
[EventRounds "9"]
[EventCountry "HUN"]
[EventCategory "1"]
[SourceTitle "CBM 194 Extra"]
[Source "ChessBase"]
[SourceDate "2020.03.31"]
[SourceVersion "1"]
[SourceVersionDate "2020.03.31"]
[SourceQuality "1"]

1. d4 Nf6 2. Bf4 g6 3. Nc3 d5 4. e3 Bg7 5. h4 0-0 6. h5 c5 7. hxg6 hxg6 8. Nf3 Nc6 9. Be5 Bg4 10. Be2 Qa5 11. Nd2 Bxe2 12. Qxe2 cxd4 13. exd4 Nxe5 14. dxe5 Ne4 15. Ndxe4 dxe4 16. 0-0-0 Qxe5 17. Qxe4 Qxe4 18. Nxe4 Rfd8 19. c3 Rac8 20. Rxd8+ Rxd8 21. Rd1 Bh6+ 22. Kc2 Rxd1 23. Kxd1 b6 24. c4 f5 25. Nc3 Bg7 26. Nb5 Bxb2 27. Nxa7 Bd4 28. Ke2 Bc5 29. Nc6 Kg7 30. Ne5 Bd4 31. Nd7 Kf7 32. f4 Ke6 33. Kd3 Bf2 34. Nf8+ Kf7 35. Nd7 Ke6 36. Nf8+ Kf7 37. Nd7 1/2-1/2

[Event "Navrangpura AICF (Women)"]
[Site "Navrangpura"]
[Date "2019.11.17"]
[Round "10"]
[White "Kurbonboeva, Sarvinoz"]
[Black "Pratyusha, Bodda"]
[Result "1/2-1/2"]
[WhiteElo "2266"]
[BlackElo "2285"]
[PlyCount "30"]
[EventDate "2019.11.11"]
[EventType "tourn"]
[EventRounds "11"]
[EventCountry "IND"]
[SourceTitle "CBM 193 Extra"]
[Source "ChessBase"]
[SourceDate "2020.01.31"]
[SourceVersion "1"]
[SourceVersionDate "2020.01.31"]
[SourceQuality "1"]

1. d4 Nf6 2. c4 e6 3. Nf3 d5 4. g3 Be7 5. Bg2 0-0 6. 0-0 dxc4 7. Qc2 a6 8. Qxc4 b5 9. Qc2 Bb7 10. Bd2 Be4 11. Qc1 Bb7 12. Qc2 Be4 13. Qc1 Bb7 14. Qc2 Be4 15. Qc1 Bb7 1/2-1/2

[Event "Navrangpura AICF (Women)"]
[Site "Navrangpura"]
[Date "2019.11.14"]
[Round "5"]
[White "Pratyusha, Bodda"]
[Black "Priyanka, K."]
[Result "1-0"]
[WhiteElo "2285"]
[BlackElo "2067"]
[PlyCount "134"]
[EventDate "2019.11.11"]
[EventType "tourn"]
[EventRounds "11"]
[EventCountry "IND"]
[SourceTitle "CBM 193 Extra"]
[Source "ChessBase"]
[SourceDate "2020.01.31"]
[SourceVersion "1"]
[SourceVersionDate "2020.01.31"]
[SourceQuality "1"]

1. d4 Nf6 2. Bf4 g6 3. Nc3 d5 4. e3 Bg7 5. h4 c6 6. Be2 Qb6 7. Qd2 Qxb2 8. Rb1 Qa3 9. Rb3 Qa5 10. h5 gxh5 11. Bxh5 Nbd7 12. Be2 Nf8 13. Nf3 Ng6 14. Bg3 Qd8 15. Bd3 Ng4 16. Nh4 Nxh4 17. Rxh4 e5 18. f3 exd4 19. exd4 Qe7+ 20. Ne2 Ne3 21. Kf2 Nf5 22. Bxf5 Bxf5 23. Re3 Be6 24. Nf4 Kd7 25. c4 Qd8 26. Nxe6 fxe6 27. Qb4 Kc8 28. Rxe6 dxc4 29. Qxc4 Qd5 30. Qxd5 cxd5 31. Re7 Bf6 32. Rc7+ Kd8 33. Rh5 Bxd4+ 34. Ke2 Ke8 35. Bh4 h6 36. Rxd5 Bb6 37. Re7+ Kf8 38. Rf5+ Kg8 39. Rff7 Bd4 40. Rf4 Bc5 41. Rxb7 h5 42. Rf5 Bd4 43. Rd7 Bb2 44. Bf2 a6 45. Rg5+ Kf8 46. Bc5+ Ke8 47. Re7+ Kd8 48. Rd5+ Kc8 49. Rdd7 Be5 50. Rd5 Bc7 51. Be3 Kb8 52. Rd3 Rd8 53. Rh7 Rxd3 54. Kxd3 a5 55. Rh8+ Kb7 56. Rxa8 Kxa8 57. Kc4 Kb7 58. Kb5 a4 59. Kxa4 Kc6 60. Kb4 Bd6+ 61. Kc4 Ba3 62. f4 Bd6 63. a4 Bc7 64. f5 Bd8 65. Bd4 Kd6 66. f6 Ke6 67. Kb5 Kd5 1-0

[Event "Navrangpura AICF (Women)"]
[Site "Navrangpura"]
[Date "2019.11.12"]
[Round "3"]
[White "Harshini, A."]
[Black "Pratyusha, Bodda"]
[Result "0-1"]
[WhiteElo "2020"]
[BlackElo "2285"]
[PlyCount "44"]
[EventDate "2019.11.11"]
[EventType "tourn"]
[EventRounds "11"]
[EventCountry "IND"]
[SourceTitle "CBM 193 Extra"]
[Source "ChessBase"]
[SourceDate "2020.01.31"]
[SourceVersion "1"]
[SourceVersionDate "2020.01.31"]
[SourceQuality "1"]

1. e4 c6 2. d4 d5 3. Nd2 dxe4 4. Nxe4 Nf6 5. Nxf6+ exf6 6. Nf3 Bd6 7. c3 0-0 8. Be2 Re8 9. 0-0 Nd7 10. Qc2 Nf8 11. Be3 Bg4 12. h3 Be6 13. Bd3 Qd7 14. Rfe1 Ng6 15. c4 Bxh3 16. gxh3 Qxh3 17. Qd1 Nh4 18. Nxh4 Bh2+ 19. Kh1 Bg3+ 20. Kg1 Qh2+ 21. Kf1 Rxe3 22. fxg3 Rxg3 0-1

[Event "IND-ch (Women) 46th"]
[Site "Managiri"]
[Date "2019.07.21"]
[Round "4"]
[White "Singh, Neha"]
[Black "Pratyusha, Bodda"]
[Result "0-1"]
[WhiteElo "1809"]
[BlackElo "2265"]
[PlyCount "132"]
[EventDate "2019.07.19"]
[EventType "swiss"]
[EventRounds "11"]
[EventCountry "IND"]
[SourceTitle "EXT 2020"]
[Source "ChessBase"]
[SourceDate "2019.10.17"]
[SourceVersion "1"]
[SourceVersionDate "2019.10.17"]
[SourceQuality "1"]

1. e4 c5 2. Nf3 d6 3. d4 cxd4 4. Nxd4 Nf6 5. Nc3 a6 6. h3 e5 7. Nf3 Be7 8. Be3 h6 9. g4 Nc6 10. Bg2 Be6 11. g5 hxg5 12. Nxg5 Na5 13. Nxe6 fxe6 14. Qd3 Qc7 15. 0-0-0 Nc4 16. Bg5 Rc8 17. f4 exf4 18. Bxf4 Nh5 19. Bh2 Qb6 20. Na4 Qe3+ 21. Kb1 0-0 22. Qxe3 Nxe3 23. Rd2 Nf4 24. Bf3 Nxh3 25. Bxd6 Rxf3 26. Bxe7 Nf2 27. Re1 Nc4 28. Rde2 b5 29. Nc3 Kf7 30. Bh4 Nh3 31. Nd1 g5 32. Bf2 g4 33. b3 Na3+ 34. Kb2 Nxc2 35. Rh1 Nb4 36. Be3 Nd3+ 37. Ka3 Ndf4 38. Rd2 e5 39. Rd7+ Kg8 40. Re1 g3 41. Bg1 Nxg1 42. Rxg1 g2 43. Rd2 Kf7 44. Rdxg2 Nxg2 45. Rxg2 Rd8 46. Nf2 Rg8 47. Rh2 a5 48. Kb2 Rg1 49. Nh3 Rgg3 50. Nf2 b4 51. Kc2 Rg1 52. Nd3 Kf6 53. Rh6+ Kg7 54. Rh2 Rg5 55. Kd2 Rfg3 56. Ne1 R5g4 57. Re2 Rg6 58. Rf2 Rd6+ 59. Ke2 Rd4 60. Rf5 Rxe4+ 61. Kf2 Rc3 62. Rg5+ Kf6 63. Rh5 Kg6 64. Rh8 a4 65. bxa4 Ra3 66. Rb8 Rxa2+ 0-1

[Event "IND-ch (Women) 46th"]
[Site "Managiri"]
[Date "2019.07.20"]
[Round "2"]
[White "Nandhini, Saripalli"]
[Black "Pratyusha, Bodda"]
[Result "1-0"]
[WhiteElo "1933"]
[BlackElo "2265"]
[PlyCount "106"]
[EventDate "2019.07.19"]
[EventType "swiss"]
[EventRounds "11"]
[EventCountry "IND"]
[SourceTitle "EXT 2020"]
[Source "ChessBase"]
[SourceDate "2019.10.17"]
[SourceVersion "1"]
[SourceVersionDate "2019.10.17"]
[SourceQuality "1"]

1. e4 e5 2. Nf3 Nc6 3. Bc4 Bc5 4. c3 Nf6 5. d4 exd4 6. e5 d5 7. Bb5 Ne4 8. cxd4 Bb6 9. Nc3 0-0 10. Be3 Bg4 11. h3 Bh5 12. Qc2 Bg6 13. Qb3 Ne7 14. Nh4 c6 15. Nxg6 hxg6 16. Bd3 Nf5 17. Bxe4 dxe4 18. 0-0-0 Nxd4 19. Qc4 c5 20. Nxe4 Qe7 21. f4 Rfd8 22. Kb1 Qe6 23. Qxe6 Nxe6 24. h4 c4 25. Bxb6 axb6 26. g3 Nd4 27. Rd2 Nf3 28. Rd6 Rxd6 29. Nxd6 b5 30. Rd1 Rd8 31. Kc2 Nh2 32. Nxb5 Rxd1 33. Kxd1 Nf1 34. Nd6 Nxg3 35. Nxb7 Nh5 36. a4 Nxf4 37. Nc5 Nd5 38. a5 f6 39. e6 Kf8 40. a6 Ke7 41. a7 Nb6 42. Kd2 g5 43. hxg5 fxg5 44. Ke3 g6 45. Ke4 g4 46. Kf4 Na8 47. Kxg4 Kf6 48. Kf4 Nc7 49. Ke4 g5 50. Na6 Na8 51. Kd5 Ke7 52. Nc5 g4 53. Ke4 Nc7 1-0